banner-ar

VOYAGES EN EGYPTE 1549-1552 / (Record no. 17544)

MARC details
000 -الفاتح
حقل البيانات ثابتة الطول 00459nam a2200193Ia 4500
008 - عناصر البيانات ثابتة الطول - معلومات عامة
حقل البيانات ثابتة الطول 140319s9999 xx 000 0 eng d
040 ## - مصدر الفهرسة
وكالة الفهرسة الأصلية GCL /
وكالة النسخ GCL
082 04 - رقم تصنيف ديوى العشرى
رقم التصنيف CC
رقم المادة 916.204
-- C V
100 1# - المدخل الرئيسى - إسم شخصى
الإسم الشخصى IFAO
245 10 - بيان العنوان
العنوان VOYAGES EN EGYPTE 1549-1552 /
بيان المسئوليه,etc IFAO
700 1# - المدخل الاضافى - اسم شخصى
الإسم الشخصى CHESNEAU, JEAN
700 1# - المدخل الاضافى - اسم شخصى
الإسم الشخصى THEVET, ANDRE
260 ## - PUBLICATION, DISTRIBUTION, ETC. (IMPRINT)
تاريخ النشر أو التوزيع 1984
650 04 - المدخل الاضافى بالموضوع-مصطلح موضوعى
مصطلح موضوعي EGYPT
650 04 - المدخل الاضافى بالموضوع-مصطلح موضوعى
مصطلح موضوعي TRAVELS
650 04 - المدخل الاضافى بالموضوع-مصطلح موضوعى
مصطلح موضوعي COLLECTIONS
942 ## - عناصر المدخل الإضافي( كوها)
مصدر التصنيف او مخطط الترفيف Dewey Decimal Classification
Koha [default] item type كتاب
260 ## - PUBLICATION, DISTRIBUTION, ETC. (IMPRINT)
-- [S.N] :
-- IFAO ،
Holdings
حالة التراجع حالة الفقد حالة تلف ليس للاعارة المكان المؤقت الموقع الحالى تاريخ الاكتساب اجمالي اﻻعارات رقم الطلب الباركود تاريخ اخر مشاهدة تاريخ تفعيل السعر نوع وعاء كوها
        مكتبة القاهرة الكبرى مكتبة القاهرة الكبرى 03/26/2014   CC\916.204\C V 31714 03/26/2014 03/26/2014 كتاب
        مكتبة القاهرة الكبرى مكتبة القاهرة الكبرى 03/26/2014   CC\916.204\C V 31715 03/26/2014 03/26/2014 كتاب

Powered By

EGPV